| 000 | 01059cam a22003137a 4500 | ||
|---|---|---|---|
| 003 | CHAP | ||
| 005 | 20220817041430.0 | ||
| 008 | 971013s r 00010 d | ||
| 010 | _a14283 | ||
| 011 | _a15255 | ||
| 035 | _a19330 | ||
| 040 | _cCHAP | ||
| 090 | _aFolleto 7888 | ||
| 100 | 0 | 0 | _aCastrejón Sanguino, Antonio. |
| 245 | 0 | _aIdentificación de especies y razas fisiológicas de Verticillium aislado en la Comarca Lagunera | |
| 260 |
_a(s.l.) : _bINIA. Centro de Investigaciones Agrícolas de Noreste, _c(s.a.) |
||
| 300 | _apág. varía | ||
| 590 |
_aBATCH-UPD _b10 _c20130110 _lUCH01 _h0045 |
||
| 590 |
_aBATCH-UPD _b10 _c20130110 _lUCH01 _h2313 |
||
| 590 |
_aBATCH-UPD _b10 _c20130410 _lUCH01 _h1604 |
||
| 590 |
_aBATCH-UPD _b10 _c20130914 _lUCH01 _h1801 |
||
| 590 |
_aCONVERSION _b10 _c20130109 _lUCH01 _h1309 |
||
| 650 | 1 | 4 |
_aMarchitez del algodón. _971281 |
| 650 | 1 | 4 |
_aVerticillium alboatrum. _9118968 |
| 650 | 1 | 4 |
_aVerticillium dahliae. _9118969 |
| 901 | _aBK | ||
| 942 | _cFOLL | ||
| 949 |
_aFolleto 7888 _bBC _cFOLL _d-44883 _eTS1 _i19330 _mD _si |
||
| 999 |
_c14283 _d14283 |
||